书目信息 |
| 题名: |
高等学校英语应用能力考试写作指导(AB级)
|
|
| 作者: | 姜怡 , 姜欣 , 刘卉 主编 | |
| 分册: | ||
| 出版信息: | 大连 大连理工大学出版社 2004.08 |
|
| 页数: | 230页 | |
| 开本: | 21cm | |
| 丛书名: | 高等学校英语应用能力考试指导丛书 | |
| 单 册: | ||
| 中图分类: | H315 | |
| 科图分类: | ||
| 主题词: | 英语--写作--高等学校--教学参考资料 | |
| 电子资源: | ||
| ISBN: | 7-5611-2620-4 | |
| 000 | 01081nam 2200265 450 | |
| 001 | 0166985625 | |
| 005 | 20050629090048.55 | |
| 010 | @a7-5611-2620-4@dCNY9.80 | |
| 100 | @a20050316d2004 km y0chiy0120 ea | |
| 101 | 0 | @achi@aeng |
| 102 | @aCN@b210000 | |
| 105 | @ak z 000yy | |
| 200 | 1 | @a高等学校英语应用能力考试写作指导(AB级)@Agao deng xue xiao ying yu ying yong neng li kao shi xie zuo zhi dao(AB ji)@f姜怡, 姜欣, 刘卉主编@Fjiang yi,jiang xin,liu hui zhu bian |
| 210 | @a大连@c大连理工大学出版社@d2004.08 | |
| 215 | @a230页@c表@d21cm | |
| 225 | 2 | @a高等学校英语应用能力考试指导丛书 |
| 330 | @a该书所选内容按照高等学校英语应用能力考试大纲的要求,均为实际生活和工作中常见的情景。如邀请函、旅游指南、产品介绍、个人简历等。各单元正文之后均把本课的重点词汇和所选句型归纳总结。 | |
| 410 | 0 | @12001 @a高等学校英语应用能力考试指导丛书 |
| 606 | 0 | @a英语@x写作@x高等学校@x教学参考资料 |
| 690 | @aH315@v4 | |
| 701 | 0 | @a姜怡@Ajiang yi@4主编 |
| 701 | 0 | @a姜欣@Ajiang xin@4主编 |
| 701 | 0 | @a刘卉@Aliu hui@4主编 |
| 801 | 0 | @aCN@bRULIN@c20050629 |
| 905 | @a10447@dH315@eJ535 | |
| 高等学校英语应用能力考试写作指导(AB级)/姜怡, 姜欣, 刘卉主编.-大连:大连理工大学出版社,2004.08 |
| 230页:表;21cm.-(高等学校英语应用能力考试指导丛书) |
| ISBN 7-5611-2620-4:CNY9.80 |
| 该书所选内容按照高等学校英语应用能力考试大纲的要求,均为实际生活和工作中常见的情景。如邀请函、旅游指南、产品介绍、个人简历等。各单元正文之后均把本课的重点词汇和所选句型归纳总结。 |
| ● |
| 相关链接 |
|
|
|
正题名:高等学校英语应用能力考试写作指导(AB级)
索取号:H315/J535
 
预约/预借
| 序号 | 登录号 | 条形码 | 馆藏地/架位号 | 状态 | 备注 |
| 1 | 522342 | 205223426 | 语言库209/209语言库 7排2列5层/ [索取号:H315/J535] | 在馆 | |
| 2 | 522343 | 205223435 | 语言库209/209语言库 7排2列5层/ [索取号:H315/J535] | 在馆 | |
| 3 | 522344 | 205223444 | 语言库209/209语言库 7排2列5层/ [索取号:H315/J535] | 在馆 |